[Event "Eindhoven WLC op 10th"]
[Site "Eindhoven"]
[Date "2019.05.25"]
[Round "3"]
[White "Habibi, Hamoen"]
[Black "Cebula, Jerzy"]
[Result "1/2-1/2"]
[WhiteElo "2041"]
[BlackElo "2025"]
[PlyCount "106"]
[EventDate "2019.05.24"]
[EventType "swiss"]
[EventRounds "6"]
[EventCountry "NED"]
[SourceTitle "CBM 190 Extra"]
[Source "ChessBase"]
[SourceDate "2019.07.15"]
[SourceVersion "1"]
[SourceVersionDate "2019.07.15"]
[SourceQuality "1"]

1. e4 e5 2. Nf3 Nc6 3. Nc3 Nf6 4. Nxe5 Nxe5 5. d4 Nc6 6. d5 Bb4 7. dxc6 bxc6 8. Bd3 d5 9. exd5 cxd5 10. 0-0 0-0 11. Na4 Bg4 12. f3 Bd7 13. b3 Bxa4 14. bxa4 Bc5+ 15. Kh1 c6 16. c4 Rb8 17. cxd5 Nxd5 18. Bxh7+ Kxh7 19. Qc2+ Kg8 20. Qxc5 Qb6 21. Ba3 Qxc5 22. Bxc5 Rfe8 23. Bxa7 Ra8 24. Bc5 Rxa4 25. Kg1 Nf4 26. Bd6 Nd3 27. Rfd1 Rd4 28. Bg3 Red8 29. a4 Nb4 30. Rxd4 Rxd4 31. a5 Na6 32. Be1 c5 33. Rb1 Ra4 34. Rb6 Nb4 35. Bxb4 cxb4 36. a6 b3 37. h4 b2 38. Rxb2 Rxa6 39. h5 Ra5 40. g4 Kh7 41. Kg2 g6 42. Rb7 gxh5 43. Rxf7+ Kg6 44. Rf4 hxg4 45. Rxg4+ Rg5 46. Kh3 Kf5 47. Ra4 Rg1 48. Kh4 Rg8 49. Rb4 Rg1 50. Rb8 Kf4 51. Rf8+ Ke5 52. Rf7 Rg8 53. Kh3 Rg1 1/2-1/2

[Event "Eindhoven WLC op 9th"]
[Site "Eindhoven"]
[Date "2018.05.26"]
[Round "4"]
[White "Di Bucchianico, Alessandro"]
[Black "Habibi, Hamoen"]
[Result "1-0"]
[WhiteElo "2048"]
[BlackElo "1970"]
[PlyCount "131"]
[EventDate "2018.05.25"]
[EventType "swiss"]
[EventRounds "6"]
[EventCountry "NED"]
[SourceTitle "CBM 184 Extra"]
[Source "ChessBase"]
[SourceDate "2018.06.28"]
[SourceVersion "1"]
[SourceVersionDate "2018.06.28"]
[SourceQuality "1"]

1. d4 e5 2. dxe5 Nc6 3. Nf3 Qe7 4. Nc3 Nxe5 5. e4 Nf6 6. Be2 Nxf3+ 7. Bxf3 Qe5 8. Be3 Bc5 9. Qd2 Bxe3 10. Qxe3 d6 11. 0-0 0-0 12. Rad1 Be6 13. Be2 Ng4 14. Bxg4 Bxg4 15. f3 Be6 16. f4 Qa5 17. f5 Bc4 18. Rf2 f6 19. Qd4 Bf7 20. b4 Qb6 21. a4 Qxd4 22. Rxd4 Rfe8 23. b5 Re5 24. Rfd2 g6 25. g4 Rae8 26. Kf2 Kg7 27. R2d3 Rc5 28. Kf3 h5 29. fxg6 Kxg6 30. gxh5+ Kxh5 31. Nd5 Kg6 32. c4 Rh8 33. Kg3 Be6 34. h4 Kg7 35. Rf3 a6 36. Nxf6 Rxc4 37. Rxc4 Bxc4 38. bxa6 Bxa6 39. Rf5 Be2 40. Nd5 c6 41. Nf4 Bd1 42. Ne6+ Kg6 43. h5+ Kh6 44. Kh4 Ra8 45. a5 Bc2 46. Rf6+ Kh7 47. Rg6 Rxa5 48. Ng5+ Kh8 49. Nf7+ Kh7 50. Ng5+ Rxg5 51. Kxg5 d5 52. Rh6+ Kg7 53. exd5 cxd5 54. Rd6 Be4 55. Rd7+ Kf8 56. Kf6 Kg8 57. Rxb7 d4 58. Rg7+ Kh8 59. Rg4 Bf3 60. Rxd4 Kh7 61. Kg5 Be2 62. Rd7+ Kh8 63. Kg6 Bc4 64. h6 Bb3 65. h7 Bf7+ 66. Kxf7 1-0

[Event "Eindhoven WLC op 8th"]
[Site "Eindhoven"]
[Date "2017.04.08"]
[Round "4"]
[White "Kuipers, Stefan"]
[Black "Habibi, Hamoen"]
[Result "1-0"]
[WhiteElo "2391"]
[BlackElo "1964"]
[PlyCount "82"]
[EventDate "2017.04.07"]
[EventType "swiss"]
[EventRounds "6"]
[EventCountry "NED"]
[SourceTitle "CBM 177 Extra"]
[Source "ChessBase"]
[SourceDate "2017.04.27"]
[SourceVersion "1"]
[SourceVersionDate "2017.04.27"]
[SourceQuality "1"]

1. e4 e6 2. d4 d5 3. Nc3 Nf6 4. e5 Nfd7 5. f4 c5 6. Nf3 Nc6 7. Be3 Qb6 8. Na4 Qa5+ 9. c3 cxd4 10. b4 Nxb4 11. cxb4 Bxb4+ 12. Bd2 Bxd2+ 13. Nxd2 0-0 14. Bd3 b5 15. Nb2 Nb6 16. 0-0 Nc4 17. Bxh7+ Kxh7 18. Qh5+ Kg8 19. Nf3 g6 20. Qh6 Qc7 21. Nd3 f6 22. Qxg6+ Qg7 23. Qxg7+ Kxg7 24. exf6+ Kxf6 25. Nxd4 Rb8 26. Rfe1 a5 27. g4 a4 28. Re2 b4 29. Rb1 Kg7 30. h3 Rf7 31. Kg2 Nd6 32. Nxe6+ Bxe6 33. Rxe6 Ne4 34. Rxb4 Rc8 35. Rb2 a3 36. Re2 Rc3 37. Nb4 Nf6 38. Rxf6 Rxf6 39. Nxd5 Rc1 40. Nxf6 Kxf6 41. h4 Rb1 1-0